000
00195nam a2200085Ia 4500
008
120527s9999 xx 000 0 und d
100
_a
SULLIVAN,J.John.
245
_a
Overlord's Eagles.
942
_c
BK
999
_c
23871
_d
23871